000 00946nmm a2200361 a 4500
003 AR-BaBNM
005 20251128203414.0
008 227119s1976 ||||||||||||||000 | spa||
040 _cAR-BaBNM
100 1 _aPablo, Juan Carlos de
245 1 0 _aUn esquema de política económica para la Argentina
_belementos para su formulación
260 _aBuenos Aires
_bMacchi
_c1976
300 1 _axv, 256 p.
_btablas, gráfs.
504 _aBibliografía p. 249-256
650 4 _aPOLITICA SOCIAL
650 4 _aTRABAJO
650 4 _aCAPITALISMO
650 4 _aHISTORIA ECONOMICA
650 4 _aIMPUESTOS
650 4 _aHISTORIA POLITICA
650 4 _aINFLACION
650 4 _aSISTEMAS ECONOMICOS
650 4 _aDOCTRINAS ECONOMICAS
650 4 _aDINERO
650 4 _aEMPLEO
650 4 _aINGRESO
650 4 _aAHORRO
650 4 _aINVERSION
650 4 _aINTERES
653 0 _aECONOMIA POLITICA
942 _cBK
998 _cmariana
999 _c3243
_d3243